Влияние микродобавок на спекание окиси алюминия; Известия Томского политехнического института [Известия ТПИ]; Т. 258 : Сборник статей аспирантов ХТФ
| Parent link: | Известия Томского политехнического института [Известия ТПИ]/ Томский политехнический институт (ТПИ).— , 1944-1976 Т. 258 : Сборник статей аспирантов ХТФ.— 1976.— [С. 8-12] |
|---|---|
| Glavni avtor: | |
| Drugi avtorji: | , |
| Izvleček: | Заглавие с титульного листа Электронная версия печатной публикации В работе представлен материал по действию добавок MgO, SrO, Y2O3, ZrO2, Сг2O3 на спекание технической окиси алюминия при температурах от 1400 до 1700°С. Добавки вводились в количестве от 0,012 до 1,2 мол %; приведена методика введения добавок. Контроль спекания проведен путем измерения усадки, водопоглощения и объемного веса. На основании полученных данных сделаны выводы относительно механизма действия соответствующих добавок. |
| Jezik: | ruščina |
| Izdano: |
1976
|
| Teme: | |
| Online dostop: | Черно-белая версия для предварительного просмотра Цветная версия без потери качества |
| Format: | MixedMaterials Elektronski Book Chapter |
| KOHA link: | https://koha.lib.tpu.ru/cgi-bin/koha/opac-detail.pl?biblionumber=230493 |
MARC
| LEADER | 00000nla2a2200000 4500 | ||
|---|---|---|---|
| 001 | 230493 | ||
| 005 | 20240208104229.0 | ||
| 035 | |a (RuTPU)RU\TPU\book\251371 | ||
| 035 | |a RU\TPU\book\251368 | ||
| 090 | |a 230493 | ||
| 100 | |a 20130122d1976 k y0rusy50 ca | ||
| 101 | 0 | |a rus | |
| 102 | |a RU | ||
| 135 | |a drnn ---uucaa | ||
| 181 | 0 | |a i | |
| 182 | 0 | |a b | |
| 200 | 1 | |a Влияние микродобавок на спекание окиси алюминия |f П. Г. Усов, А. Д. Шильцина, В. И. Верещагин | |
| 203 | |a Текст |c электронный | ||
| 215 | |a 2 файла (250 Кб, 5.5 Мб) | ||
| 300 | |a Заглавие с титульного листа | ||
| 300 | |a Электронная версия печатной публикации | ||
| 320 | |a [Библиогр.: с. 12 (9 назв.)] | ||
| 330 | |a В работе представлен материал по действию добавок MgO, SrO, Y2O3, ZrO2, Сг2O3 на спекание технической окиси алюминия при температурах от 1400 до 1700°С. Добавки вводились в количестве от 0,012 до 1,2 мол %; приведена методика введения добавок. Контроль спекания проведен путем измерения усадки, водопоглощения и объемного веса. На основании полученных данных сделаны выводы относительно механизма действия соответствующих добавок. | ||
| 337 | |a Adobe Reader | ||
| 461 | 1 | |0 (RuTPU)RU\TPU\book\200995 |t Известия Томского политехнического института [Известия ТПИ] |f Томский политехнический институт (ТПИ) |d 1944-1976 | |
| 463 | 1 | |0 (RuTPU)RU\TPU\book\251366 |t Т. 258 : Сборник статей аспирантов ХТФ |v [С. 8-12] |d 1976 |p 104 с. | |
| 610 | 1 | |a электронный ресурс | |
| 610 | 1 | |a труды учёных ТПУ | |
| 675 | |a 6663 |v 3 | ||
| 700 | 1 | |a Усов |b П. Г. |c химик |c профессор Томского политехнического института, доктор технических наук |f 1905-1977 |g Петр Григорьевич |3 (RuTPU)RU\TPU\pers\7821 | |
| 701 | 1 | |a Шильцина |b А. Д. | |
| 701 | 1 | |a Верещагин |b В. И. |c химик-технолог |c профессор Томского политехнического университета, доктор технических наук |f 1942- |g Владимир Иванович |3 (RuTPU)RU\TPU\pers\19774 |9 7712 | |
| 801 | 1 | |a RU |b 63413507 |c 20090320 |g PSBO | |
| 801 | 2 | |a RU |b 63413507 |c 20171107 |g PSBO | |
| 856 | 4 | |u http://www.lib.tpu.ru/fulltext/v/Bulletin_TPU/1976/v258/02_bw.pdf |z Черно-белая версия для предварительного просмотра | |
| 856 | 4 | |u http://www.lib.tpu.ru/fulltext/v/Bulletin_TPU/1976/v258/02_full.pdf |z Цветная версия без потери качества | |
| 942 | |c CF | ||